000 00830cam a22002415a 4500
001 009126530
005 20180207160105.0
008 880414t1988 cau frb 001 0 eng d
020 _a0805301429
040 _aUk
_cUk
_beng
_dEG-ScBUE
082 0 4 _222
_a621.38173
_bPHY
245 0 0 _aPhysical design automation of VLSI systems /
_cedited by Bryan T. Preas and Michael J. Lorenzetti.
260 _aMenlo Park :
_bBenjamin / Cummings Pub. Co,
_cc.1988.
300 _a510 p. :
_bill. ;
_c24 cm.
504 _aIncludes bibliographical references and index.
650 7 _2BUEsh
_aIntegrated circuits
_xComputer-aided design.
651 _2BUEsh
653 _bGGEN
_bCOMSCI
_cFebruary2018
700 1 _aPreas, Bryan T.,
_eeditor.
700 1 _aLorenzetti, Michael J.,
_eeditor.
886 2 _2blmarc
_a010
_b00
_a88014479
942 _2ddc
999 _c26134
_d26106